نقوش إسلامية من مزار مؤتة / (رقم التسجيلة. 118993)

تفاصيل مارك
000 -LEADER
fixed length control field 00482naa a22001697a 4500
005 - DATE AND TIME OF LATEST TRANSACTION
control field 20251108174825.0
008 - FIXED-LENGTH DATA ELEMENTS--GENERAL INFORMATION
fixed length control field 250721s1989 xx 000 0 ara d
082 14 - DEWEY DECIMAL CLASSIFICATION NUMBER
Classification number 736.09565/ درا
100 1# - MAIN ENTRY--PERSONAL NAME
Personal name التل، صفوان خلف
245 10 - TITLE STATEMENT
Title نقوش إسلامية من مزار مؤتة /
264 ## - PRODUCTION, PUBLICATION, DISTRIBUTION, MANUFACTURE, AND COPYRIGHT NOTICE
Date of production, publication, distribution, manufacture, or copyright notice 1989.
650 17 - SUBJECT ADDED ENTRY--TOPICAL TERM
Topical term or geographic name as entry element تاريخ الاردن
650 17 - SUBJECT ADDED ENTRY--TOPICAL TERM
Topical term or geographic name as entry element النقوش
773 0# - HOST ITEM ENTRY
Main entry heading دراسات (الآداب)
Related parts مج.16,ع.11
942 ## - ADDED ENTRY ELEMENTS (KOHA)
Source of classification or shelving scheme Dewey Decimal Classification
Koha item type مقالات
المقتنيات
حالة السحب حالة الفقدان مصدر التصنيف حالة التلف غير قابل للإعارة المكتبة الرئيسية المكتبة الحالية موقع الرف تاريخ التزويد Total Checkouts رقم الإستدعاء الباركود تاريخ آخر ظهور تاريخ الفاتورة نوع المادة (كوها)
    Dewey Decimal Classification   Not For Loan مكتبة تاريخ الأردن مكتبة تاريخ الأردن لا يعار 28/07/2025   736.09565/ درا PLD00122581 28/07/2025 28/07/2025 مقالات
Implemented & Customized by: BBB with SCIT (Smart Chains for Information Technology)

Powered by Koha